000 00493nam a2200169 4500
001 116318
003 ES-MaACL
005 20230906190701.0
007 t|
008 061121s1947 sp r ||||1| spa d
100 1 _aOsorio Lizarazo, J. A.
_987774
245 1 3 _aLa isla iluminada /
_cJ. A. Osorio Lizarazo.
260 _aSantiago (República Dominicana) :
_bEl Diario,
_c1947.
300 _a265 p. ;
_c20 cm.
852 _aES-MaACL
_jD-5465
_bR.30092
852 _aES-MaACL
_jB-7822
_bR.28427
999 _c116318
_d116318